|
|
|
|
| LEADER |
00675nab a2200205 i 4500 |
| 001 |
acta8565 |
| 005 |
20240425090809.0 |
| 008 |
161015s2001 hu o 000 hun d |
| 022 |
|
|
|a 1586-0116
|
| 040 |
|
|
|a SZTE Egyetemi Kiadványok Repozitórium
|b hun
|
| 041 |
|
|
|a hun
|
| 100 |
1 |
|
|a Ménes Attila
|
| 245 |
1 |
0 |
|a Sportkarrier
|h [elektronikus dokumentum] :
|b [elbeszélés] /
|c Ménes Attila
|
| 260 |
|
|
|a Messzelátó
|b Szeged
|c 2001
|
| 300 |
|
|
|a 22-24
|
| 490 |
0 |
|
|a Fosszília
|
| 650 |
|
4 |
|a Bölcsészettudományok
|
| 650 |
|
4 |
|a Nyelvek és irodalom
|
| 695 |
|
|
|a Magyar irodalom - novella
|
| 856 |
4 |
0 |
|u http://acta.bibl.u-szeged.hu/8565/1/fosszilia_2001_1_2_022-024.pdf
|z Dokumentum-elérés
|